Nursing as therapy / (Record no. 5478)

000 -LEADER
fixed length control field 00850cam a2200301 a 4500
003 - CONTROL NUMBER IDENTIFIER
control field OSt
005 - DATE AND TIME OF LATEST TRANSACTION
control field 20220419075716.0
008 - FIXED-LENGTH DATA ELEMENTS--GENERAL INFORMATION
fixed length control field 220419b ||||| |||| 00| 0 eng d
020 ## - INTERNATIONAL STANDARD BOOK NUMBER
International Standard Book Number 0412354403
040 ## - CATALOGING SOURCE
Transcribing agency ALUPE UNIVERSITY
050 ## - LIBRARY OF CONGRESS CALL NUMBER
Classification number RT41
Item number .N87 1991
245 00 - TITLE STATEMENT
Title Nursing as therapy /
Statement of responsibility, etc. edited by Richard McMahon and Alan Pearson.
250 ## - EDITION STATEMENT
Edition statement 1st ed.
260 ## - PUBLICATION, DISTRIBUTION, ETC.
Place of publication, distribution, etc. London ;
-- New York :
Name of publisher, distributor, etc. Chapman and Hall,
Date of publication, distribution, etc. c1991.
300 ## - PHYSICAL DESCRIPTION
Extent xiv, 218 p. :
Other physical details ill. ;
Dimensions 22 cm.
500 ## - GENERAL NOTE
General note Includes index.
504 ## - BIBLIOGRAPHY, ETC. NOTE
Bibliography, etc. note Includes bibliographical references.
583 1# - ACTION NOTE
Institution to which field applies NNU
650 #0 - SUBJECT ADDED ENTRY--TOPICAL TERM
Topical term or geographic name entry element Nursing.
650 #0 - SUBJECT ADDED ENTRY--TOPICAL TERM
Topical term or geographic name entry element Therapeutics, Physiological.
650 #2 - SUBJECT ADDED ENTRY--TOPICAL TERM
Topical term or geographic name entry element Health Promotion
650 #2 - SUBJECT ADDED ENTRY--TOPICAL TERM
Topical term or geographic name entry element Nursing Process
650 #2 - SUBJECT ADDED ENTRY--TOPICAL TERM
Topical term or geographic name entry element Therapeutics
700 1# - ADDED ENTRY--PERSONAL NAME
Personal name Pearson, Alan,
Titles and other words associated with a name SRN
700 1# - ADDED ENTRY--PERSONAL NAME
Personal name McMahon, Richard,
Dates associated with a name 1960-
930 #1 - EQUIVALENCE OR CROSS-REFERENCE-UNIFORM TITLE HEADING [LOCAL, CANADA]
Medium RT42
942 ## - ADDED ENTRY ELEMENTS (KOHA)
Source of classification or shelving scheme
Koha item type Book
Holdings
Withdrawn status Lost status Source of classification or shelving scheme Damaged status Not for loan Permanent Location Current Location Shelving location Date acquired Source of acquisition Total Checkouts Full call number Barcode Date last seen Price effective from Koha item type Public note
          AU LIBRARY AU LIBRARY Open Shelf 19.04.2022 DONATION FROM MOI UNIVERSITY   RT41 .N87 1991 28009294 19.04.2022 19.04.2022 Book WO

Powered by Koha